In welcher Stadt befindet sich der Flughafen? - Statistiken

Allgemein
  • Dieses Quiz wurde 226 mal gespielt
  • Das Durchschnittsergebnis liegt bei 16 aus 32
Antwortstatistiken
Flughafen Stadt % Korrekt
Heathrow London
95%
Charles de Gaulle Paris
93%
Leonardo da Vinci-Fiumicino Rom
89%
Schiphol Amsterdam
86%
Willy Brandt Berlin
85%
LaGuardia New York
84%
Franz Josef Strauß München
80%
Sabiha Gökçen Istanbul
74%
Barajas Madrid
68%
John Lennon Liverpool
66%
Domodedowo Moskau
65%
Chopin Warschau
65%
O'Hare Chicago
64%
Haneda Tokio
60%
Hartsfield-Jackson Atlanta
57%
Saint-Exupéry Lyon
47%
Chhatrapati Shivaji Maharaj Mumbai
42%
Humberto Delgado Lissabon
40%
Arlanda Stockholm
40%
Johannes Paul II. Kraków
37%
Suvarnabhumi Bangkok
36%
Antonio Carlos Jobim Rio de Janeiro
36%
Changi Singapur
35%
George Bush Houston
33%
Kingsford Smith Sydney
30%
Galileo Galilei Pisa
22%
O. R. Tambo Johannesburg
20%
Falcone Borsellino Palermo
16%
Nënë Tereza Tirana
14%
Mohammed V. Casablanca
11%
Juan Santamaría San José
6%
La Aurora Guatemala City
5%
Keine übereinstimmenden Quizze gefunden
Verteilung der Resultate
Anzahl Personen mit jedem Resultat
Perzentil nach korrekt beantworteten Fragen
Ihre Resultats-Entwicklung
Sie haben dieses Quiz noch nicht gespielt